000 00887nam a2200265 i 4500
001 185830
003 SpMaBN
005 20230906222527.0
008 160812s1979 sp |||| | spa d
020 _a84-204-0411-X
080 _a231.51(02)"15"
100 1 _aBöhme, Jakob (
_d1575-1624)
_9160469
245 1 0 _aAurora /
_cJacob Böhme ; prólogo, traducción y notas de Agustín Andreu Rodrigo.
260 _aMadrid :
_bAlfaguara,
_c1979.
300 _aCXXIII, 464 p. ;
_c22 cm.
490 1 _aClásicos Alfaguara
500 _aCronología.
500 _aÍndices.
504 _aBibliografía: p. [LXXIX]-LXXXII.
650 7 _aCreación-
_vObras anteriores a 1800.
_9160470
700 1 _aAndreu Rodrigo, Agustín.
_921649
830 0 _aClásicos Alfaguara
_9178833
852 _aES-MaACL
_jL-30547
_z- enc. tela ed.
_z. - Donat. Miguel A. Velasco
999 _c185830
_d185830